Ontic : a knowledge representation system for mathematics

Αποθηκεύτηκε σε:
Λεπτομέρειες βιβλιογραφικής εγγραφής
Κύριος συγγραφέας: McAllester, David A.
Μορφή: Βιβλίο
Γλώσσα:English
Δημοσίευση: Cambridge, Mass. : MIT Press, c1989
Σειρά:MIT Press series in artificial intelligence
Θέματα:
Ετικέτες: Προσθήκη ετικέτας
Δεν υπάρχουν, Καταχωρήστε ετικέτα πρώτοι!

MARC

LEADER 00000cam a2200000 i 4500
001 1/28628
008 941103s1989 eng d
020 |a 0262132354 
035 |l 10038122 
035 |a 1993  |c ΠΑΝΑΓΙΩΤΟΠΟΥΛΟΣ 
040 |a GR-MY-UA  |b gre  |e aacr 
041 0 |a eng 
082 0 |a 510.28563  |2 (19) 
100 1 |a McAllester, David A. 
245 1 0 |a Ontic :  |b a knowledge representation system for mathematics /  |c David A. McAllester 
260 |a Cambridge, Mass. :   |b MIT Press,   |c c1989 
300 |a xiv, 158 p.;  |b ill.;  |c 24 cm 
490 1 |a MIT Press series in artificial intelligence 
504 |a Includes bibliographical references (p. [149]-155) 
650 0 0 |a Automatic theorem proving. 
650 0 0 |a Ontic (Computer system) 
650 0 0 |a Knowledge representation (Information theory) 
830 0 |a MIT Press series in artificial intelligence 
852 |a INST  |b SAMOS  |e 19941103  |h 510.28563 MCA  |p 005300004093  |q 005300004093  |t BK  |y 0 
909 |a Σ  |b 026892